000 00617nam a2200205Ii 4500
003 JO-AjNU
008 230605s9999||||xx |||||||||||||| ||und||
017 _a84/1/52
040 _aJO-AjNU
_bara
_erda
_cJO-AjNU
041 _aara
050 1 4 _aQ180.A1.Z354
100 3 _aظاهر، احمد جمال,
_eauthor
_937606
245 0 0 _aالبحث العلمي الحديث
264 3 1 _aعمان:دار الفكر ،د.ت
300 _a 299ص
_bجداول
336 _atext
_btxt
_2rdacontent
337 _aunmediated
_bn
_2rdamedia
338 _avolume
_bnc
_2rdacarrier
650 4 _aالبحث العلمي
_937607
999 _aA15728
_c19296
_d19296